| 000 | 00345nam a22001337a 4500 | ||
|---|---|---|---|
| 008 | 180918b xxu||||| |||| 00| 0 eng d | ||
| 020 | _a9781566636162 | ||
| 041 | _aeng | ||
| 080 | _a941 | ||
| 100 | _a17 | ||
| 101 | _aHIS | ||
| 245 |
_aUnderstanding Anti-Americanism. Its origins and impact at home and abroad _cMansfield, H |
||
| 942 |
_2udc _cBK |
||
| 999 |
_c47885 _d47885 |
||